| 000 | 01561cam a22003254a 4500 | ||
|---|---|---|---|
| 001 | 13727213 | ||
| 005 | 20070725153540.0 | ||
| 008 | 040922s2005 nju b 001 0 eng | ||
| 020 | _a9780691130682 | ||
| 020 | _a069113068x | ||
| 040 |
_aDLC _cDLC _dYDX _dUKM _dOCL _dBAKER _dNLGGC _dVP@ _dDLC |
||
| 082 | 0 | 0 |
_a320.54095694 _222 _bROS |
| 100 | 1 | _aRose, Jacqueline. | |
| 245 | 1 | 4 |
_aThe question of Zion / _cJacqueline Rose. |
| 260 |
_aPrinceton, N.J. : _bPrinceton University Press, _cc2005. |
||
| 300 |
_axxii, 202 p. ; _c23 cm. |
||
| 504 | _aIncludes bibliographical references and index. | ||
| 650 | 0 |
_aZionism _xHistory _y20th century. |
|
| 650 | 0 |
_aZionism _xPsychological aspects. |
|
| 650 | 0 |
_aArab-Israeli conflict _xPsychological aspects. |
|
| 650 | 0 |
_aPalestinian Arabs _xCrimes against _zIsrael. |
|
| 650 | 0 |
_aPsychoanalysis _xPolitical aspects _zIsrael. |
|
| 650 | 0 |
_aHolocaust, Jewish (1939-1945) _xInfluence. |
|
| 651 | 0 |
_aIsrael _xEthnic relations. |
|
| 856 | 4 | 2 |
_3Publisher description _uhttp://www.loc.gov/catdir/enhancements/fy0668/2004059993-d.html |
| 856 | 4 | 2 |
_3Contributor biographical information _uhttp://www.loc.gov/catdir/enhancements/fy0734/2004059993-b.html |
| 942 |
_2ddc _cBB |
||
| 999 |
_c11038 _d11038 |
||